Pokémon Trivia - Rock Type - Statistics

General Stats
  • This quiz has been taken 15 times
  • The average score is 5 of 10
Answer Stats
Question Answer % Correct
Which item powers up Rock type moves? Hard Stone
83%
Many Rock Pokémon are revived from fossils. Which of these Pokémon is not? Binacle
67%
Which of these evolutionary chains is NOT correct? Carbink-Diancie
67%
What types does Rock resist? Fire, Flying, Normal, Poison
67%
Which generation introduced the least amount of Rock type Pokémon? Generation 7
67%
What is the strongest Rock type move with a set power level? (Non Z-Move) Head Smash
67%
What is the Rock type weak against? Grass, Water, Ground, Fighting, Steel
50%
Solid Rock is an ability that is mostly held by Rock type Pokémon. What does it do? It reduces damage by 25% for a super-effective move
33%
Which type is most commonly paired with Rock? Water
17%
Which of the following is true about the Rock type? Rock type has the least amount of special moves
0%
No matching quizzes found
Score Distribution
Percent of People with Each Score
Percentile by Number Answered
Your Score History
You have not taken this quiz